| Tag |
First Indicator |
Second Indicator |
Subfields |
| LEADER |
00000cam a2200000 4500 |
| 001 |
in00000063459 |
| 005 |
20151007083109.0 |
| 008 |
760930s1922 nyu b 00110 engm |
| 010 |
|
|
|a 22020269
|
| 035 |
|
|
|a (OCoLC)02474156
|
| 035 |
|
|
|9 AAF8851AM
|
| 040 |
|
|
|a DLC
|c FDA
|d FDA
|d TXA
|d UtOrBLW
|
| 049 |
|
|
|a TXAM
|c 2 [56851]
|
| 050 |
0 |
0 |
|a HM291
|b .J6
|
| 090 |
|
|
|a HM291
|b .J6 1922
|
| 092 |
|
|
|a 301
|b J83s
|
| 100 |
1 |
|
|a Josey, Charles Conant,
|d 1893-
|
| 245 |
1 |
4 |
|a The social philosophy of instinct /
|c by Charles Conant Josey.
|
| 264 |
|
1 |
|a New York,
|a Chicago [etc.] :
|b C. Scribner's sons,
|c [1922]
|
| 264 |
|
4 |
|c [©1922]
|
| 300 |
|
|
|a 274 pages ;
|c 20 cm.
|
| 336 |
|
|
|a text
|b txt
|2 rdacontent
|
| 337 |
|
|
|a unmediated
|b n
|2 rdamedia
|
| 338 |
|
|
|a volume
|b nc
|2 rdacarrier
|
| 504 |
|
|
|a Includes bibliographies and index.
|
| 650 |
|
0 |
|a Instinct.
|
| 650 |
|
0 |
|a Social psychology.
|
| 999 |
|
|
|a MARS
|
| 999 |
f |
f |
|s 8629e959-ecdd-3640-ba5a-be7b6557c4c4
|i bb34f93b-e6fe-3908-b5ea-941579c7750d
|t 0
|
| 952 |
f |
f |
|p ric
|a Texas A&M University
|b Rellis Campus
|c Joint Library Facility
|d Remote Storage
|t 0
|e HM291 .J6 1922
|h Library of Congress classification
|i unmediated -- volume
|m A14800632692
|
| 998 |
f |
f |
|a HM291 .J6 1922
|t 0
|l Remote Storage
|